The essence of information systems
Αποθηκεύτηκε σε:
| Κύριος συγγραφέας: | |
|---|---|
| Άλλοι συγγραφείς: | , |
| Μορφή: | Βιβλίο |
| Γλώσσα: | English |
| Δημοσίευση: |
London ; : New York :
Prentice Hall,
1995
|
| Έκδοση: | 2nd ed. |
| Σειρά: | Essence of management series
|
| Θέματα: | |
| Ετικέτες: |
Προσθήκη ετικέτας
Δεν υπάρχουν, Καταχωρήστε ετικέτα πρώτοι!
|
MARC
| LEADER | 00000cam a2200000 i 4500 | ||
|---|---|---|---|
| 001 | 1/95714 | ||
| 008 | 991210s1995 eng d | ||
| 020 | |a 0133593088 | ||
| 035 | |l 10055423 | ||
| 040 | |a GR-MY-UA |b gre |e aacr | ||
| 041 | 0 | |a eng | |
| 082 | 0 | |a 658.4038 | |
| 100 | 1 | |a Edwards, Chris, |d 1947- | |
| 245 | 1 | 4 | |a The essence of information systems / |c Chris Edwards, John Ward, Andy Bytheway |
| 250 | |a 2nd ed. | ||
| 260 | |a London ; : |a New York : |b Prentice Hall, |c 1995 | ||
| 300 | |a x, 211 p.; |b ill.; |c 24 cm. | ||
| 490 | 1 | |a Essence of management series | |
| 504 | |a Includes index | ||
| 650 | 0 | 0 | |a Information resources management. |
| 700 | 1 | |a Ward, John, |d 1947- | |
| 700 | 1 | |a Bytheway, A. | |
| 830 | 0 | |a Essence of management series | |
| 852 | |a INST |b CHIOS |e 20010302 |h 658.4038 EDW |p 005200016961 |q 005200016961 |t BK |y 0 | ||
| 852 | |a INST |b SAMOS |e 19991210 |h 658.4038 EDW |p 005300016425 |q 005300016425 |t BK |y 0 | ||
| 901 | |a BIBL3-1999-3 | ||
| 901 | |a BIBL2-2001-1 | ||
| 909 | |a Σ |b 070526 | ||
| 909 | |a Χ |b 076240 | ||
| 922 | |a 3ΕΛΗ |b 199911 |c ΤΠΕΣ |d ΠΑΠΑΣΩΤΗΡΙΟΥ | ||
| 950 | |a 133-1999-07-20 | ||
| 970 | |a ΠΟΥΡΝΑΡΑΣ |b ΔΗΜΗΤΡΗΣ |z 1999/12/10 | ||